| 000 | 01022cam a22003371 4500 | ||
|---|---|---|---|
| 001 | 6519606 | ||
| 003 | OSt | ||
| 005 | 20140310181630.0 | ||
| 008 | 740110s1955 nyu 000 0 eng | ||
| 010 | _a 55006605 | ||
| 015 | _aGB55-14540 | ||
| 035 | _a(OCoLC)773402 | ||
| 040 |
_aDLC _cOT _dOCoLC _dWvICG _dABAU _dUk _dOCoLC _dDLC |
||
| 050 | 1 | 0 |
_aHF 5391 _b.C614 2000 |
| 082 |
_aTR 149.5 _bC56 2000 |
||
| 100 | 1 |
_aClason, George S. _q(George Samuel), _d1874-1957. _97008 |
|
| 245 | 1 | 4 |
_aThe richest man in Babylon./ _cGeorge S. Clason. |
| 250 | _aCondensed version | ||
| 260 |
_c2000 _aEngland, |
||
| 300 |
_a158 p. : _c24 cm. |
||
| 520 | _a1. Success. 2. Optimism. 3. Meliorism. | ||
| 521 | _aFaculty | ||
| 541 | _j3 | ||
| 541 | _j2 | ||
| 541 | _j1 | ||
| 562 | _eFor circulation. 3 copies in the collection | ||
| 650 | 0 |
_aBusiness ethics. _97009 |
|
| 650 | 0 |
_aWealth _xMoral and ethical aspects. _97010 |
|
| 906 |
_a7 _bcbc _coclcrpl _du _encip _f19 _gy-gencatlg |
||
| 942 |
_2lcc _cBK-TR _kTR |
||
| 999 |
_c473 _d473 |
||